Toutes les communes des Hautes-Pyrénées sur une carte - Statistiques

Statistiques générales
  • Ce quiz a été pris 657 fois
    637 depuis la dernière actualisation
  • Le résultat moyen est 59 sur 469
Réponses sur la Carte
Les réponses sont colorées sur une échelle allant du rouge au vert en fonction du pourcentage des utilisateurs qui les ont devinées à leur premier essai. Vous pouvez retrouver ces pourcentages ci-dessous.
 
Statistiques - réponses
Réponse Population (2021) % Correct
Tarbes 43 955
93%
Lourdes 13 509
84%
Bagnères-de-Bigorre 7 000
78%
Lanne 599
71%
Argelès-Gazost 2 850
69%
Lannemezan 5 810
65%
Argelès-Bagnères 102
64%
Gavarnie-Gèdre 341
56%
Cauterets 866
55%
Vic-en-Bigorre 4 822
55%
Saint-Lary-Soulan 839
52%
Luz-Saint-Sauveur 921
50%
Campan 1 288
47%
Ger 156
47%
Séméac 5 161
47%
Ibos 2 919
45%
Mont 34
45%
Tournay 1 230
43%
Arreau 752
42%
Aureilhan 7 982
42%
Barbazan-Debat 3 500
39%
Barbazan-Dessus 173
39%
Bordères-Louron 135
39%
Bordères-sur-l'Échez 5 407
39%
Loudenvielle 323
38%
Capvern 1 267
37%
Juillan 4 022
37%
Ossun 2 351
37%
Pouy 41
37%
Soues 3 023
37%
Ossun-ez-Angles 58
36%
Castelnau-Magnoac 779
35%
Castelnau-Rivière-Basse 637
35%
Odos 3 303
35%
Trie-sur-Baïse 995
35%
Adé 828
33%
Pierrefitte-Nestalas 1 111
33%
Maubourguet 2 245
32%
Vielle-Aure 311
32%
Barèges 145
31%
Pouyastruc 636
31%
Vielle-Adour 494
31%
Vielle-Louron 82
31%
Luc 178
30%
Arrens-Marsous 691
29%
Laloubère 1 869
29%
Rabastens-de-Bigorre 1 145
29%
Aragnouet 250
28%
Sainte-Marie 59
28%
Sarrancolin 552
28%
Aucun 240
27%
Pouzac 1 105
27%
Saint-Martin 443
27%
Mauvezin 237
26%
La Barthe-de-Neste 1 234
25%
Montgaillard 825
25%
Saint-Pé-de-Bigorre 1 154
25%
Trébons 747
25%
Aspin-Aure 40
24%
Aspin-en-Lavedan 308
24%
Estaing 94
24%
Arcizac-Adour 580
23%
Arcizac-ez-Angles 260
23%
Azereix 973
22%
Bazet 1 880
22%
Bernac-Debat 730
22%
Bernac-Dessus 285
22%
Bordes 755
22%
Salles 238
22%
Beaudéan 401
21%
Gerde 1 168
21%
Horgues 1 189
21%
Salles-Adour 569
21%
Agos-Vidalos 400
20%
Ancizan 279
20%
Bours 888
20%
Hèches 601
20%
Lau-Balagnas 515
20%
Louey 1 089
20%
Orleix 1 944
20%
Asté 577
19%
Galan 697
19%
Génos 136
19%
Hiis 261
19%
Ordizan 517
19%
Oursbelille 1 207
19%
Saint-Laurent-de-Neste 958
19%
Arbéost 80
18%
Arras-en-Lavedan 495
18%
Beaucens 421
18%
Bénac 538
18%
Bourg-de-Bigorre 196
18%
Cieutat 609
18%
Gazost 125
18%
Momères 732
18%
Saint-Savin 366
18%
Azet 143
17%
Ferrières 81
17%
Madiran 426
17%
Mauléon-Barousse 101
17%
Sarrouilles 533
17%
Andrest 1 360
16%
Gardères 442
16%
Germ 34
16%
Guchan 151
16%
Guchen 325
16%
Loures-Barousse 623
16%
Loudervielle 48
15%
Tramezaïgues 40
15%
Uz 36
15%
Adast 300
14%
Allier 439
14%
Arcizans-Avant 390
14%
Arcizans-Dessus 114
14%
Avezac-Prat-Lahitte 591
14%
Esparros 173
14%
Fréchou-Fréchet 172
14%
Labastide 149
14%
Loucrup 258
14%
Luquet 419
14%
Saint-Paul 321
14%
Sère-en-Lavedan 80
14%
Sère-Lanso 46
14%
Sère-Rustaing 130
14%
Séron 335
14%
Villelongue 368
14%
Bartrès 535
13%
Burg 285
13%
Castéra-Lanusse 45
13%
Castéra-Lou 229
13%
Visker 363
13%
Antist 186
12%
Arrayou-Lahitte 100
12%
Asque 120
12%
Aulon 97
12%
Ayzac-Ost 453
12%
Boô-Silhen 326
12%
Boulin 301
12%
Bourisp 182
12%
Chelle-Debat 210
12%
Chelle-Spou 109
12%
Chis 307
12%
Gez 328
12%
Gez-ez-Angles 25
12%
Hitte 146
12%
Julos 463
12%
Juncalas 159
12%
Lahitte-Toupière 260
12%
Nistos 209
12%
Oléac-Debat 177
12%
Oléac-Dessus 112
12%
Poueyferré 838
12%
Pujo 658
12%
Sazos 144
12%
Soulom 286
12%
Adervielle-Pouchergues 153
11%
Ayros-Arbouix 345
11%
Beyrède-Jumet-Camous 227
11%
Bun 154
11%
Camparan 53
11%
Labassère 234
11%
Lamarque-Pontacq 873
11%
Lézignan 357
11%
Orignac 250
11%
Pinas 450
11%
Tostat 548
11%
Vignec 210
11%
Artagnan 512
10%
Artigues 13
10%
Astugue 266
10%
Betpouy 76
10%
Bonnemazon 69
10%
Cabanac 299
10%
Cadéac 297
10%
Calavanté 335
10%
Geu 185
10%
Goudon 235
10%
Grust 35
10%
Lamarque-Rustaing 54
10%
Lanespède 145
10%
Laslades 330
10%
Les Angles 130
10%
Loubajac 438
10%
Lugagnan 153
10%
Mascaras 375
10%
Avajan 80
9%
Betpouey 82
9%
Bize 209
9%
Camalès 382
9%
Campistrous 312
9%
Clarac 160
9%
Esquièze-Sère 413
9%
Germs-sur-l'Oussouet 104
9%
Hibarette 235
9%
Monléon-Magnoac 412
9%
Montastruc 234
9%
Ozon 244
9%
Peyrouse 273
9%
Préchac 240
9%
Ris 14
9%
Souyeaux 302
9%
Viscos 33
9%
Angos 225
8%
Antichan 40
8%
Arrodets 22
8%
Arrodets-ez-Angles 113
8%
Artalens-Souin 130
8%
Artiguemy 86
8%
Aurensan 776
8%
Banios 64
8%
Bareilles 42
8%
Barlest 306
8%
Bazus-Aure 140
8%
Bazus-Neste 54
8%
Benqué-Molère 136
8%
Bourréac 112
8%
Cantaous 437
8%
Castelbajac 141
8%
Cazaux-Debat 31
8%
Cazaux-Fréchet-Anéran-Camors 63
8%
Clarens 491
8%
Ens 23
8%
Escala 352
8%
Escondeaux 281
8%
Fréchet-Aure 15
8%
Hourc 109
8%
Izaourt 256
8%
Lalanne 100
8%
Lalanne-Trie 117
8%
Marsac 225
8%
Marseillan 266
8%
Moulédous 215
8%
Nestier 186
8%
Omex 226
8%
Orincles 350
8%
Ossen 237
8%
Oueilloux 155
8%
Ouzous 214
8%
Poumarous 160
8%
Saint-Lézer 431
8%
Saint-Sever-de-Rustan 159
8%
Sarriac-Bigorre 282
8%
Sassis 76
8%
Sireix 62
8%
Thermes-Magnoac 219
8%
Tilhouse 228
8%
Viella 84
8%
Anères 169
7%
Antin 98
7%
Ardengost 12
7%
Averan 79
7%
Barry 131
7%
Bazillac 361
7%
Bernadets-Debat 103
7%
Bernadets-Dessus 148
7%
Bulan 61
7%
Cadeilhan-Trachère 44
7%
Caixon 351
7%
Castelvieilh 242
7%
Chèze 49
7%
Dours 212
7%
Esbareich 77
7%
Escoubès-Pouts 98
7%
Estarvielle 38
7%
Estensan 42
7%
Gaillagos 133
7%
Gouaux 55
7%
Guizerix 121
7%
Izaux 200
7%
Jarret 308
7%
Lansac 181
7%
Lortet 213
7%
Louit 192
7%
Monlong 107
7%
Montignac 139
7%
Montoussé 250
7%
Neuilh 94
7%
Osmets 92
7%
Paréac 76
7%
Ricaud 66
7%
Sabalos 147
7%
Saint-Créac 104
7%
Saint-Pastous 149
7%
Saléchan 243
7%
Saligos 93
7%
Sost 97
7%
Tarasteix 272
7%
Uzer 103
7%
Villenave-près-Béarn 67
7%
Villenave-près-Marsac 109
7%
Aubarède 289
6%
Aventignan 209
6%
Batsère 31
6%
Bizous 128
6%
Bonnefont 324
6%
Bonrepos 191
6%
Bouilh-Devant 20
6%
Bouilh-Péreuilh 115
6%
Bramevaque 30
6%
Campuzan 142
6%
Castillon 79
6%
Cheust 86
6%
Esconnets 32
6%
Esterre 188
6%
Ferrère 39
6%
Galez 171
6%
Gayan 272
6%
Gembrie 91
6%
Gourgue 62
6%
Ilhet 121
6%
Jacque 66
6%
Laborde 85
6%
Lescurry 164
6%
Lespouey 204
6%
Lies 75
6%
Lizos 116
6%
Luby-Betmont 107
6%
Lutilhous 217
6%
Montégut 131
6%
Nouilhan 227
6%
Ourdis-Cotdoussan 44
6%
Ourdon 13
6%
Ousté 35
6%
Pintac 22
6%
Sadournin 195
6%
Sailhan 172
6%
Saint-Arroman 97
6%
Sarniguet 259
6%
Sarp 108
6%
Sauveterre 162
6%
Ségus 249
6%
Sers 113
6%
Siarrouy 453
6%
Sinzos 131
6%
Siradan 286
6%
Trouley-Labarthe 106
6%
Tuzaguet 431
6%
Vidou 91
6%
Vier-Bordes 95
6%
Viey 19
6%
Viger 144
6%
Anla 75
5%
Arné 190
5%
Barthe 25
5%
Berbérust-Lias 46
5%
Bettes 59
5%
Collongues 150
5%
Coussan 117
5%
Grailhen 23
5%
Hauban 99
5%
Jézeau 100
5%
Lacassagne 243
5%
Lagarde 530
5%
Laméac 143
5%
Lançon 31
5%
Larreule 384
5%
Layrisse 237
5%
Lhez 77
5%
Marquerie 85
5%
Marsas 66
5%
Mérilheu 232
5%
Mun 80
5%
Péré 61
5%
Peyraube 167
5%
Puydarrieux 232
5%
Saint-Lanne 122
5%
Sarlabous 77
5%
Sénac 289
5%
Soublecause 176
5%
Tajan 134
5%
Thèbe 85
5%
Thuy 17
5%
Tibiran-Jaunac 326
5%
Tournous-Devant 84
5%
Uglas 279
5%
Villembits 111
5%
Ansost 57
4%
Auriébat 241
4%
Aveux 42
4%
Barbachen 45
4%
Barrancoueu 35
4%
Bégole 193
4%
Bertren 162
4%
Caharet 33
4%
Caubous 31
4%
Caussade-Rivière 97
4%
Cazarilh 53
4%
Créchets 50
4%
Escaunets 119
4%
Escots 43
4%
Espieilh 25
4%
Estampures 75
4%
Fontrailles 167
4%
Fréchendets 26
4%
Gaudent 34
4%
Gaussan 95
4%
Gazave 70
4%
Générest 94
4%
Gonez 29
4%
Ilheu 50
4%
Lafitole 445
4%
Lagrange 248
4%
Laran 47
4%
Lascazères 307
4%
Lassales 39
4%
Liac 198
4%
Lomné 33
4%
Lustar 97
4%
Mansan 40
4%
Mazères-de-Neste 341
4%
Mazouau 14
4%
Mingot 98
4%
Monfaucon 206
4%
Montsérié 79
4%
Orieux 107
4%
Oroix 104
4%
Ourde 47
4%
Pailhac 79
4%
Peyriguère 24
4%
Peyrun 102
4%
Puntous 160
4%
Recurt 210
4%
Réjaumont 152
4%
Sacoué 82
4%
Samuran 25
4%
Sariac-Magnoac 156
4%
Seich 86
4%
Sombrun 201
4%
Talazac 76
4%
Tournous-Darré 83
4%
Troubat 75
4%
Ugnouas 84
4%
Vidouze 236
4%
Vieuzos 46
4%
Villefranque 73
4%
Aries-Espénan 81
3%
Bazordan 109
3%
Betbèze 49
3%
Bugard 97
3%
Casterets 16
3%
Cizos 135
3%
Estirac 102
3%
Fréchède 52
3%
Grézian 75
3%
Hères 108
3%
Houeydets 282
3%
Labatut-Rivière 377
3%
Lapeyre 91
3%
Larroque 94
3%
Mazerolles 108
3%
Moumoulous 44
3%
Sabarros 33
3%
Ségalas 82
3%
Villemur 59
3%
Buzon 79
2%
Devèze 50
2%
Espèche 46
2%
Gensac 89
2%
Hachan 45
2%
Hagedet 43
2%
Hautaget 58
2%
Libaros 138
2%
Lombrès 90
2%
Lubret-Saint-Luc 58
2%
Organ 30
2%
Peyret-Saint-André 57
2%
Sanous 102
2%
Sentous 72
2%
Soréac 44
2%
Aucun quiz correspondant
Distribution des résultats
% des personnes avec chaque résultat
Percentile par nombre de réponses
Votre historique - résultats
Vous n’avez pas pris ce quiz depuis la dernière actualisation